| 000 | 00878akm a2200325a 44500 | ||
|---|---|---|---|
| 008 | 960130s1988 cat | ||
| 017 | _aB-39289-1988 | ||
| 041 | _acat | ||
| 080 | _a681.81(038) | ||
| 110 |
_aBarcelona. Ajuntament. Institut Municipal d'Educació _964928 |
||
| 245 | _aCantem i toquem | ||
| 245 | _cBarcelona. Ajuntament. Institut Municipal d'Educació. | ||
| 245 | _h[cartell] | ||
| 260 | _a[Barcelona] | ||
| 260 | _bGeneralitat de Catalunya. Departament de Cultura | ||
| 260 | _c1988 | ||
| 300 | _bil. | ||
| 520 | _a14 | ||
| 591 | _a2875 | ||
| 592 | _aObra terminològica | ||
| 593 | _aUO | ||
| 594 | _a2875 | ||
| 650 |
_ainstruments musicals _961253 |
||
| 700 |
_aVilarrubias, P. _964925 |
||
| 901 | _cDL <1988> | ||
| 902 | _a960130 | ||
| 942 |
_cMO _n0 |
||
| 999 |
_c54346 _d54346 |
||